Serien Allgemeinwissen Quiz #1 - Statistiken

Allgemein
  • Dieses Quiz wurde 585 mal gespielt
  • Das Durchschnittsergebnis liegt bei 10 aus 20
Antwortstatistiken
Frage Antwort % Korrekt
Wie heißt der beste Freund von Ernie aus der "Sesamstraße"? Bert
85%
Aus welchem Land kommt der Erfinder von "Dragon Ball"? Japan
83%
Welche US-amerikanische Fernsehserie aus den 90ern handelt von Rettungseinsätzen eines Teams von Rettungsschwimmern? Baywatch
81%
Zu welcher Hunderasse gehört Kommissar Rex? Deutscher Schäferhund
80%
Welches Instrument spielt SpongeBobs Nachbar Taddäus Tentakel? Klarinette
75%
Welcher Moderator und ehemalige Partner von Helene Fischer ist seit 2019 Kapitän beim "Traumschiff"? Florian Silbereisen
74%
Wie heißt die US-Sitcom, in der John Dorian und Christopher Turk als Ärzte in einem Krankenhaus arbeiten? Scrubs
66%
Aus welcher Animationsserie kennt man Charaktere wie Hungriger Hugo, Kenny McCormick und Eric Cartman? South Park
65%
Welche deutsche Comedy-Serie mit Christoph Maria Herbst wurde vom britischen "The Office" inspiriert? Stromberg
63%
Wie heißt der blauhaarige beste Freund von Bart Simpson? Milhouse van Houten
53%
Wie heißt das sprechende Auto aus der 80er-Jahre Serie "Knight Rider", das von Michael Knight gefahren wird? K.I.T.T.
47%
Welchen Beruf übt Al Bundy in der Serie "Eine schrecklich nette Familie" aus? Schuhverkäufer
44%
Welche britische Schriftstellerin gilt als "Meisterin der Liebesschnulze", deren Romane häufig vom ZDF verfilmt werden? Rosamunde Pilcher
36%
Wie heißt das außerirdische Baby aus "The Mandalorian", das auch als "Das Kind" und "Baby Yoda" bekannt ist? Grogu
32%
Durch welche RTL-Serie wurde Dschungelcamp-Teilnehmerin Katy Karrenbauer bekannt? Hinter Gittern - Der Frauenknast
30%
Von welchem fiktiven Planeten stammt ALF? Melmac
29%
Aus welcher Serie kennt man die Charaktere John Bachmann und Leon Moreno? GZSZ
28%
Was für ein Tier ist Hein Blöd aus "Käpt’n Blaubär"? Ratte
26%
In welcher fiktiven Stadt leben die Griffins aus "Family Guy"? Quahog
18%
Wie heißt die Hauptdarstellerin aus der Serie "The Last of Us"? Bella Ramsey
10%
Keine übereinstimmenden Quizze gefunden
Verteilung der Resultate
Anzahl Personen mit jedem Resultat
Perzentil nach korrekt beantworteten Fragen
Ihre Resultats-Entwicklung
Sie haben dieses Quiz noch nicht gespielt